000
00340nam a22001457a 4500
008
210312b ||||| |||| 00| 0 eng d
020
_a
9781556423741
041
_a
eng
080
_2
3rd
_a
338
082
_a
338
100
_a
53
101
_a
MEN
245
_a
Functions of a Manager in Occupational Therapy
_c
Jacobs, K
942
_2
udc
_c
BK
999
_c
56607
_d
56607